Selected readings in mammalogy : (Registro nro. 857)
[ vista simple ]
| 000 -CABECERA | |
|---|---|
| Campo de control | 00988cam a2200253 a 4500 |
| 005 - FECHA Y HORA DE LA ULTIMA TRANSACCION | |
| Campo de control | 20160113095955.0 |
| 008 - ELEMENTOS DE LONGITUD FIJA—INFORMACION GENERAL | |
| Campo de control | 840516s1976 ksua b s000 0 eng |
| 020 ## - ISBN | |
| ISBN | 0893380016 (pbk.) |
| 040 ## - FUENTE DE CATALOGACIÓN | |
| Agencia catalogadora original | DLC |
| Agencia transcriptora | DLC |
| Agencia Modificadora | DLC |
| -- | CO-BoIAVH |
| 041 ## - IDIOMA | |
| Código de idioma para texto/pista de sonido o título separado | Inglés |
| 082 00 - NUMERO DE CLASIFICACION DECIMAL DEWEY | |
| Número de clasificación | 599 |
| Número del ítem | S46 |
| 245 00 - MENCION DE TITULO | |
| Título | Selected readings in mammalogy : |
| Parte restante del título | selected from the original literature and introduced with comments / |
| Mención de responsabilidad | by J. Knox Jones, Jr., Sydney Anderson, and Robert S. Hoffmann. |
| 260 ## - PUBLICACION, DISTRIBUCION, ETC. (PIE DE IMPRENTA) | |
| Lugar de publicación, distribución, etc. | Lawrence, Kan. : |
| Nombre del editor, distribuidor, etc. | Museum of Natural History, University of Kansas, |
| Fecha de publicación, distribución, etc. | 1976. |
| 300 ## - DESCRIPCION FISICA | |
| Extensión | ix, 640 paginas. : |
| Otros detalles físicos | ilustraciones. ; |
| Dimensiones | 26 x 17 cm. |
| 490 1# - MENCION DE SERIE | |
| Mención de serie | Monograph / Museum of Natural History, the University of Kansas ; |
| Designación numérica/secuencial del volumen | no. 5 |
| 504 ## - NOTA DE BIBLIOGRAFIA, ETC. | |
| Nota de bibliografía | Includes bibliographical references. |
| 650 #0 - ASIENTO SECUNDARIO DE MATERIA - TERMINO TEMATICO | |
| Término temático o nombre geográfico como elemento de entrada | Mammals. |
| 650 #0 - ASIENTO SECUNDARIO DE MATERIA - TERMINO TEMATICO | |
| Término temático o nombre geográfico como elemento de entrada | Mammalogy. |
| 700 1# - ASIENTO SECUNDARIO - NOMBRE PERSONAL | |
| Nombre personal | Jones, J. Knox. |
| 700 1# - ASIENTO SECUNDARIO - NOMBRE PERSONAL | |
| Nombre personal | Anderson, Sydney, |
| Fechas asociadas con el nombre | 1927- |
| 700 1# - ASIENTO SECUNDARIO - NOMBRE PERSONAL | |
| Nombre personal | Hoffmann, Robert S. |
| 830 #0 - ASIENTO SECUNDARIO DE SERIE--TITULO UNIFORME | |
| Volume number/sequential designation | no. 5. |
| 942 ## - ELEMENTOS ADICIONALES (KOHA) | |
| Sistema de clasificación | Dewey Decimal Classification |
| Tipo de ítem | Libro |
| Withdrawn status | Lost status | Sistema de Clasificación | Damaged status | No para préstamo | Colección | Inventariado | Ubicación Permanente | Ubicación actual | Fecha de adquisición | Fuente de Valor | Total Checkouts | Número topográfico | Inventario / Código de Barras | Date last seen | Ejemplar | Price effective from | Forma de adquisición | Tipo de material |
|---|---|---|---|---|---|---|---|---|---|---|---|---|---|---|---|---|---|---|
| Dewey Decimal Classification | General | Inventariado 2017 | Bogotá | Bogotá | 18/11/1998 | Amazon | LB-599 S46 | 001199 | 04/12/2012 | Ej. 1 | 04/12/2012 | Libro |